000 00485nam a22001817a 4500
005 20251108172329.0
008 250721s1985 xx 000 0 ara d
082 1 4 _aط/ق/فاس
100 1 _aفاسيليفسكايا،
245 1 0 _aعمي النمر /
264 1 _aموسكو :
_bدار رادوغا،
_c1985.
300 _a16ص
650 1 7 _aأدب الأطفال
650 1 7 _aالقصص
700 1 _aيوسف، بكر
_eترجمة
942 _2ddc
_cBK
999 _c76411
_d76411